Ada: or Ardor: A Family Chronicle (Record no. 1122)

000 -LEADER
fixed length control field 00634nam a22002177a 4500
003 - CONTROL NUMBER IDENTIFIER
control field OSt
005 - DATE AND TIME OF LATEST TRANSACTION
control field 20210426123936.0
008 - FIXED-LENGTH DATA ELEMENTS--GENERAL INFORMATION
fixed length control field 210203s1969 ||||| |||| 00| 0 eng d
040 ## - CATALOGING SOURCE
Original cataloging agency eng
Language of cataloging eng
Transcribing agency DLC
041 ## - LANGUAGE CODE
Language code of text/sound track or separate title eng
080 ## - UNIVERSAL DECIMAL CLASSIFICATION NUMBER
Universal Decimal Classification number 821.111
Item number N-11
100 ## - MAIN ENTRY--PERSONAL NAME
9 (RLIN) 758
Personal name Nabokov, Vladimir
245 ## - TITLE STATEMENT
Title Ada: or Ardor: A Family Chronicle
Statement of responsibility, etc. / by: McGraw-Hill Book Company
250 ## - EDITION STATEMENT
Edition statement 1st edition
260 ## - PUBLICATION, DISTRIBUTION, ETC.
Place of publication, distribution, etc. New York
Name of publisher, distributor, etc. McGraw-Hill Book Company
Date of publication, distribution, etc. 1969
300 ## - PHYSICAL DESCRIPTION
Extent 589 p.
Other physical details ill.
365 ## - TRADE PRICE
Price amount 8.95 usd
650 #0 - SUBJECT ADDED ENTRY--TOPICAL TERM
9 (RLIN) 254
Topical term or geographic name entry element English literature
653 ## - INDEX TERM--UNCONTROLLED
Uncontrolled term ინგლისური ლიტერატურა
942 ## - ADDED ENTRY ELEMENTS (KOHA)
Source of classification or shelving scheme
Koha item type Books
Edition 1
Holdings
Withdrawn status Lost status Source of classification or shelving scheme Damaged status Not for loan Permanent location Current location Date acquired Inventory number Total Checkouts Full call number Barcode Date last seen Price effective from Koha item type
          Ken Walker International University Ken Walker International University 02/03/2021 848   821.111 N-11 848 02/03/2021 02/03/2021 Books

Powered by Koha